| Tag |
First Indicator |
Second Indicator |
Subfields |
| LEADER |
00000cam a2200000 a 4500 |
| 001 |
in00001403664 |
| 005 |
20151020053125.0 |
| 008 |
951128s1994 sp h 000 0 spa d |
| 010 |
|
|
|a 95227567
|
| 019 |
|
|
|a 33339406
|a 34215827
|
| 020 |
|
|
|a 8476351593
|
| 035 |
|
|
|a (OCoLC)33152865
|
| 035 |
|
|
|9 AHM7109AM
|
| 040 |
|
|
|a NIC
|c DLC
|d GZM
|d PL#
|d TXA
|d UtOrBLW
|
| 042 |
|
|
|a lccopycat
|
| 043 |
|
|
|a e-sp---
|
| 049 |
|
|
|a TXAM
|
| 050 |
0 |
4 |
|a Z412
|b .M65 1994
|
| 082 |
0 |
0 |
|a 381/.45002/0946
|2 21
|
| 100 |
1 |
|
|a Moll, Jaime.
|
| 245 |
1 |
0 |
|a De la imprenta al lector :
|b estudios sobre el libro español de los siglos XVI al XVIII /
|c Jaime Moll.
|
| 264 |
|
1 |
|a Madrid :
|b Arco/Libros,
|c [1994]
|
| 264 |
|
4 |
|c ©1994
|
| 300 |
|
|
|a 174 pages :
|b facsimiles ;
|c 22 cm.
|
| 336 |
|
|
|a text
|b txt
|2 rdacontent
|
| 337 |
|
|
|a unmediated
|b n
|2 rdamedia
|
| 338 |
|
|
|a volume
|b nc
|2 rdacarrier
|
| 490 |
1 |
|
|a Colección Instrumenta bibliológica
|
| 504 |
|
|
|a Includes bibliographical references.
|
| 650 |
|
0 |
|a Book industries and trade
|z Spain
|x History
|y 16th century.
|
| 650 |
|
0 |
|a Book industries and trade
|z Spain
|x History
|y 17th century.
|
| 650 |
|
0 |
|a Book industries and trade
|z Spain
|x History
|y 18th century.
|
| 653 |
|
|
|a Libros
|a España
|a Historia
|a Siglo XVI-XVIII.
|
| 830 |
|
0 |
|a Instrumenta bibliológica.
|
| 948 |
|
|
|a c:pk
|
| 999 |
|
|
|a MARS
|
| 999 |
f |
f |
|s f1695ad9-4081-3f71-8c26-3ed6f2c0bbdb
|i 927d0c9a-ddca-3533-aedd-4f683ceb7776
|t 0
|
| 952 |
f |
f |
|p ric
|a Texas A&M University
|b Rellis Campus
|c Joint Library Facility
|d Remote Storage
|t 0
|e Z412 .M65 1994
|h Library of Congress classification
|i unmediated -- volume
|m A14822531715
|
| 952 |
f |
f |
|p normal
|a Texas A&M University
|b College Station
|c Sterling C. Evans Library
|d Evans: Library Stacks
|t 0
|e Z412 .M65 1994
|h Library of Congress classification
|i unmediated -- volume
|m A14836273141
|
| 998 |
f |
f |
|a Z412 .M65 1994
|t 0
|l Evans: Library Stacks
|
| 998 |
f |
f |
|a Z412 .M65 1994
|t 0
|l Remote Storage
|